Gestión económica estatal de los ochentas : (Registro nro. 5605)
[ vista simple ]
| 000 -LEADER | |
|---|---|
| fixed length control field | 01632nam a2200301Ia 4500 |
| 003 - CONTROL NUMBER IDENTIFIER | |
| control field | OSt |
| 005 - DATE AND TIME OF LATEST TRANSACTION | |
| control field | 20200723150040.0 |
| 008 - FIXED-LENGTH DATA ELEMENTS--GENERAL INFORMATION | |
| fixed length control field | 191128s1995 ck fr 000 0 spa d |
| 040 ## - CATALOGING SOURCE | |
| Original cataloging agency | CO-JMCR |
| Transcribing agency | CO-JMCR |
| 041 0# - LANGUAGE CODE | |
| Language code of text/sound track or separate title | spa |
| 082 04 - DEWEY DECIMAL CLASSIFICATION NUMBER | |
| Classification number | 338.9861 / |
| Item number | F634g |
| Edition number | 23 |
| 100 1# - MAIN ENTRY--PERSONAL NAME | |
| Personal name | Flórez Enciso, Luis Bernardo, |
| Relator term | director |
| 9 (RLIN) | 7120 |
| 245 10 - TITLE STATEMENT | |
| Title | Gestión económica estatal de los ochentas : |
| Remainder of title | del ajuste al cambio institucional / |
| Statement of responsibility, etc. | Luis Bernardo Florez E. director del proyecto ; Ricardo Bonilla González coordinador técnico ; investigadores Alfredo Angulo Sanabria, Consuelo Corredor Martínez [y otros] |
| 260 ## - PUBLICATION, DISTRIBUTION, ETC. | |
| Place of publication, distribution, etc. | Bogotá : |
| Name of publisher, distributor, etc. | Universidad Nacional de Colombia : Centro de Investigaciones para el Desarrollo Internacional, |
| Date of publication, distribution, etc. | 1995 |
| 300 ## - PHYSICAL DESCRIPTION | |
| Extent | 2 volúmenes : |
| Other physical details | gráficos a blanco y negro ; |
| Dimensions | 24 cm. |
| 490 0# - SERIES STATEMENT | |
| Series statement | Ensayos |
| 505 0# - FORMATTED CONTENTS NOTE | |
| Formatted contents note | v.1. Políticas de ajuste y adaptación institucional ; Gestión macroeconómica estatal ; política social y de desentralización. -- v.2. Política económica estatal y sectorial ; Modernización, privatización y relaciones con el sector privado. |
| 650 14 - SUBJECT ADDED ENTRY--TOPICAL TERM | |
| Topical term or geographic name entry element | Empresas internacionales |
| Geographic subdivision | Colombia |
| 9 (RLIN) | 7679 |
| 650 14 - SUBJECT ADDED ENTRY--TOPICAL TERM | |
| Topical term or geographic name entry element | Apertura económica |
| Geographic subdivision | Colombia |
| 9 (RLIN) | 7518 |
| 650 14 - SUBJECT ADDED ENTRY--TOPICAL TERM | |
| Topical term or geographic name entry element | Descentralización administrativa |
| Geographic subdivision | Colombia |
| 9 (RLIN) | 7680 |
| 651 #4 - SUBJECT ADDED ENTRY--GEOGRAPHIC NAME | |
| Geographic name | Colombia |
| General subdivision | política económica |
| 9 (RLIN) | 6872 |
| 651 #4 - SUBJECT ADDED ENTRY--GEOGRAPHIC NAME | |
| Geographic name | Colombia |
| General subdivision | Política social |
| 9 (RLIN) | 7681 |
| 651 #4 - SUBJECT ADDED ENTRY--GEOGRAPHIC NAME | |
| Geographic name | Colombia |
| General subdivision | política fiscal |
| 9 (RLIN) | 7682 |
| 700 1# - ADDED ENTRY--PERSONAL NAME | |
| Personal name | Bonilla González, Ricardo, |
| Dates associated with a name | |
| Relator term | cordinador técnico |
| 9 (RLIN) | 7683 |
| 700 1# - ADDED ENTRY--PERSONAL NAME | |
| Personal name | Angulo Sanabria, Alfredo, |
| Relator term | investigador |
| 9 (RLIN) | 7684 |
| 700 1# - ADDED ENTRY--PERSONAL NAME | |
| Personal name | Corredor Martínez, Consuelo, |
| Relator term | investigador |
| 9 (RLIN) | 3818 |
| 942 ## - ADDED ENTRY ELEMENTS (KOHA) | |
| Source of classification or shelving scheme | Dewey Decimal Classification |
| Koha item type | Books |
| Withdrawn status | Lost status | Source of classification or shelving scheme | Damaged status | Not for loan | Collection code | Home library | Current library | Date acquired | Source of acquisition | Full call number | Barcode | Date last seen | Copy number | Koha item type | Price effective from | Total Checkouts |
|---|---|---|---|---|---|---|---|---|---|---|---|---|---|---|---|---|
| Dewey Decimal Classification | Non-fiction | Biblioteca Pública José María del Castillo y Rada | Biblioteca Pública José María del Castillo y Rada | 04/15/2018 | Donación | 338.9861 / F634g | 430002611 | 05/16/2024 | V.2 / Ej.1 | Books | ||||||
| Dewey Decimal Classification | Non-fiction | Biblioteca Pública José María del Castillo y Rada | Biblioteca Pública José María del Castillo y Rada | 04/15/2018 | Donación | 338.9861 / F634g | 430002610 | 05/16/2024 | V.1 / Ej.1 | Books | 07/23/2020 | |||||
| Dewey Decimal Classification | Non-fiction | Biblioteca Pública José María del Castillo y Rada | Biblioteca Pública José María del Castillo y Rada | 04/15/2018 | Donación | 338.9861 / F634g | 201809950 | 05/16/2024 | V.1 / Ej.2 | Books | 07/23/2020 | |||||
| Dewey Decimal Classification | Non-fiction | Biblioteca Pública José María del Castillo y Rada | Biblioteca Pública José María del Castillo y Rada | 04/15/2018 | Donación | 338.9861 / F634g | 201810773 | 05/16/2024 | V.2 / Ej.2 | Books | 07/23/2020 |